| 000 | 00580nam a22001817a 4500 | ||
|---|---|---|---|
| 003 | NUST | ||
| 005 | 20221103130325.0 | ||
| 020 | _a9789332586871 | ||
| 082 | _a520,CHA | ||
| 100 |
_aChaisson, Eric _9102314 |
||
| 245 |
_aAstronomy : _ba beginner's guide to the universe / _cEric Chaisson, |
||
| 250 | _a7th edition | ||
| 260 |
_aPearson _bIndia _c2017 |
||
| 300 | _axv, 502 p | ||
| 505 | _aPart.1 Foundation (Page-xviii), Part.2 Our planetary system (Page-98), Part.3 The stars (Page-242), Part.4 Galaxies and the universe (Page-376) | ||
| 650 | _aAstronomy | ||
| 942 |
_2ddc _cBK |
||
| 999 |
_c592249 _d592249 |
||